[Event "World Chess Olympiad 2018"]
[Site "Batumi"]
[Date "2018.09.30"]
[Round "6"]
[Board "3"]
[WhiteFideId "8504580"]
[White "Anwuli Daniel"]
[BlackFideId "11001933"]
[Black "Zhemba Jemusse"]
[Result "0-1"]
[LiveChessVersion "1.4.8"]
[BlackElo "2138"]
[WhiteElo "2267"]

1. c4 {[%clk 1:30:58]} e6 {[%clk 1:30:27]} 2. g3 {[%clk 1:31:24]} f5
{[%clk 1:30:22]} 3. Bg2 {[%clk 1:31:45]} Nf6 {[%clk 1:30:18]} 4. Nc3
{[%clk 1:31:22]} Be7 {[%clk 1:29:59]} 5. d3 {[%clk 1:31:40]} O-O {[%clk 1:30:20]}
6. e4 {[%clk 1:32:07]} d6 {[%clk 1:28:49]} 7. Nge2 {[%clk 1:32:08]} fxe4
{[%clk 1:28:12]} 8. dxe4 {[%clk 1:31:37]} e5 {[%clk 1:28:24]} 9. O-O
{[%clk 1:31:56]} c6 {[%clk 1:26:47]} 10. h3 {[%clk 1:32:12]} a5 {[%clk 1:26:18]}
11. Be3 {[%clk 1:32:35]} Na6 {[%clk 1:26:24]} 12. Qd2 {[%clk 1:32:31]} b6
{[%clk 1:22:35]} 13. f4 {[%clk 1:31:59]} Nc5 {[%clk 1:19:53]} 14. f5
{[%clk 1:30:20]} a4 {[%clk 1:18:15]} 15. g4 {[%clk 1:30:40]} h6 {[%clk 1:17:11]}
16. Qc2 {[%clk 1:22:55]} Bb7 {[%clk 1:09:47]} 17. b4 {[%clk 1:19:53]} axb3
{[%clk 1:09:45]} 18. axb3 {[%clk 1:20:17]} Na6 {[%clk 1:07:06]} 19. Qd2
{[%clk 1:14:25]} Nb4 {[%clk 1:03:59]} 20. Rxa8 {[%clk 1:14:02]} Bxa8
{[%clk 1:04:23]} 21. Rd1 {[%clk 1:06:21]} c5 {[%clk 1:02:13]} 22. Nd5
{[%clk 1:01:54]} Bxd5 {[%clk 1:01:34]} 23. exd5 {[%clk 1:01:59]} Nh7
{[%clk 1:00:34]} 24. Nc3 {[%clk 1:00:11]} Bg5 {[%clk 0:58:50]} 25. Bxg5
{[%clk 1:00:33]} Nxg5 {[%clk 0:59:11]} 26. Nb5 {[%clk 0:57:14]} Qf6
{[%clk 0:58:05]} 27. Ra1 {[%clk 0:50:54]} h5 {[%clk 0:56:50]} 28. Qe2
{[%clk 0:36:58]} hxg4 {[%clk 0:55:59]} 29. Qxg4 {[%clk 0:36:37]} Nc2
{[%clk 0:56:08]} 30. Ra7 {[%clk 0:14:58]} Ne3 {[%clk 0:53:59]} 31. Qe2
{[%clk 0:13:17]} Nxg2 {[%clk 0:53:57]} 32. Qxg2 {[%clk 0:12:51]} Qxf5
{[%clk 0:53:52]} 33. h4 {[%clk 0:00:56]} Nf3+ {[%clk 0:53:59]} 0-1

[Event "World Chess Olympiad 2018"]
[Site "Batumi"]
[Date "2018.09.30"]
[Round "6"]
[Board "4"]
[WhiteFideId "11001364"]
[White "Elisha Thabo"]
[BlackFideId "8500290"]
[Black "Olape Bunmi"]
[Result "0-1"]
[LiveChessVersion "1.4.8"]
[BlackElo "2252"]
[WhiteElo "2024"]

1. e4 {[%clk 1:30:33]} e5 {[%clk 1:30:40]} 2. Nf3 {[%clk 1:30:51]} Nf6
{[%clk 1:31:05]} 3. Nxe5 {[%clk 1:30:39]} d6 {[%clk 1:31:28]} 4. Nf3
{[%clk 1:30:59]} Nxe4 {[%clk 1:31:34]} 5. Nc3 {[%clk 1:31:18]} Nf6
{[%clk 1:31:30]} 6. d4 {[%clk 1:31:39]} Be7 {[%clk 1:31:54]} 7. Bg5
{[%clk 1:31:59]} O-O {[%clk 1:32:01]} 8. Qd2 {[%clk 1:32:20]} c6 {[%clk 1:31:20]}
9. O-O-O {[%clk 1:32:38]} b5 {[%clk 1:31:07]} 10. Bd3 {[%clk 1:23:05]} Nbd7
{[%clk 1:28:12]} 11. h4 {[%clk 1:22:54]} Re8 {[%clk 1:26:35]} 12. Kb1
{[%clk 1:23:07]} Nf8 {[%clk 1:26:46]} 13. Ne2 {[%clk 1:16:51]} Qb6
{[%clk 1:25:05]} 14. Nf4 {[%clk 1:15:42]} Bg4 {[%clk 1:24:00]} 15. Ne2
{[%clk 1:07:50]} c5 {[%clk 1:23:20]} 16. Ng3 {[%clk 0:50:23]} c4 {[%clk 1:16:59]}
17. Bf5 {[%clk 0:49:48]} Bxf5 {[%clk 1:16:31]} 18. Nxf5 {[%clk 0:50:16]} d5
{[%clk 1:13:53]} 19. Bxf6 {[%clk 0:33:24]} Bxf6 {[%clk 1:13:34]} 20. g4
{[%clk 0:33:40]} Ne6 {[%clk 1:10:15]} 21. g5 {[%clk 0:33:02]} Bd8
{[%clk 1:09:51]} 22. h5 {[%clk 0:22:11]} Bc7 {[%clk 1:05:04]} 23. Rh4
{[%clk 0:17:40]} b4 {[%clk 1:04:13]} 24. g6 {[%clk 0:10:25]} fxg6
{[%clk 1:03:14]} 25. hxg6 {[%clk 0:10:32]} hxg6 {[%clk 1:03:03]} 26. Ne3
{[%clk 0:09:14]} c3 {[%clk 1:02:04]} 27. Qe1 {[%clk 0:07:06]} Qc6
{[%clk 0:53:35]} 28. Qg1 {[%clk 0:04:52]} g5 {[%clk 0:52:52]} 29. Rh5
{[%clk 0:03:12]} Bf4 {[%clk 0:52:18]} 30. Ng2 {[%clk 0:02:09]} cxb2
{[%clk 0:48:26]} 31. Nxf4 {[%clk 0:02:05]} Nxf4 {[%clk 0:48:33]} 32. Rxg5
{[%clk 0:02:03]} Qc7 {[%clk 0:48:48]} 33. Qg3 {[%clk 0:00:57]} Rac8
{[%clk 0:47:50]} 34. Rd2 {[%clk 0:00:55]} Re4 {[%clk 0:44:35]} 35. Rg4
{[%clk 0:00:37]} a5 {[%clk 0:44:08]} 0-1

[Event "World Chess Olympiad 2018"]
[Site "Batumi"]
[Date "2018.09.30"]
[Round "6"]
[Board "1"]
[WhiteFideId "9400346"]
[White "Al Qudaimi Basheer"]
[BlackFideId "12200875"]
[Black "Tagelsir Abubaker"]
[Result "1-0"]
[LiveChessVersion "1.4.8"]
[BlackElo "2236"]
[WhiteElo "2419"]

1. e4 {[%clk 1:29:48]} d6 {[%clk 1:28:39]} 2. d4 {[%clk 1:29:32]} Nf6
{[%clk 1:29:00]} 3. Nc3 {[%clk 1:29:32]} g6 {[%clk 1:29:20]} 4. f4
{[%clk 1:29:03]} Bg7 {[%clk 1:29:27]} 5. Nf3 {[%clk 1:26:58]} O-O
{[%clk 1:25:34]} 6. Bd3 {[%clk 1:26:00]} Na6 {[%clk 1:25:50]} 7. O-O
{[%clk 1:22:46]} c5 {[%clk 1:26:10]} 8. d5 {[%clk 1:22:54]} Rb8 {[%clk 1:25:50]}
9. Re1 {[%clk 1:16:29]} Nc7 {[%clk 1:20:04]} 10. a4 {[%clk 1:16:38]} e6
{[%clk 1:14:47]} 11. dxe6 {[%clk 1:13:25]} fxe6 {[%clk 1:14:32]} 12. g3
{[%clk 1:00:22]} Kh8 {[%clk 1:04:27]} 13. e5 {[%clk 0:58:30]} Ng8
{[%clk 1:00:56]} 14. Ne4 {[%clk 0:51:37]} dxe5 {[%clk 0:44:11]} 15. Nxe5
{[%clk 0:49:23]} Bxe5 {[%clk 0:39:15]} 16. fxe5 {[%clk 0:49:38]} b6
{[%clk 0:38:56]} 17. Nd6 {[%clk 0:44:37]} Ne8 {[%clk 0:26:49]} 18. Bxg6
{[%clk 0:37:11]} Nxd6 {[%clk 0:22:22]} 19. Qh5 {[%clk 0:37:08]} Rb7
{[%clk 0:22:19]} 20. Bg5 {[%clk 0:35:00]} Qc7 {[%clk 0:22:31]} 21. exd6
{[%clk 0:35:06]} Qg7 {[%clk 0:22:42]} 22. Bd3 {[%clk 0:20:09]} Rbf7
{[%clk 0:21:32]} 23. Bd2 {[%clk 0:13:48]} Qxb2 {[%clk 0:08:59]} 24. Qe5+
{[%clk 0:09:37]} Qxe5 {[%clk 0:08:48]} 25. Rxe5 {[%clk 0:10:06]} Rd8
{[%clk 0:01:43]} 26. Rg5 {[%clk 0:06:22]} Rxd6 {[%clk 0:01:42]} 27. Bc3+
{[%clk 0:06:43]} Rd4 {[%clk 0:01:05]} 28. a5 {[%clk 0:06:27]} Ne7
{[%clk 0:00:45]} 29. axb6 {[%clk 0:06:10]} axb6 {[%clk 0:01:04]} 30. Ra7
{[%clk 0:05:58]} h6 {[%clk 0:01:09]} 31. Bxd4+ {[%clk 0:05:32]} cxd4
{[%clk 0:00:47]} 32. Rg6 {[%clk 0:05:36]} b5 {[%clk 0:00:33]} 33. Rxh6+
{[%clk 0:05:04]} Kg8 {[%clk 0:00:42]} 34. Rh5 {[%clk 0:04:13]} Kf8 35. Rh8+
{[%clk 0:04:12]} Kg7 {[%clk 0:00:33]} 36. Re8 {[%clk 0:02:28]} Kf6
{[%clk 0:00:33]} 37. Bxb5 {[%clk 0:02:28]} e5 {[%clk 0:00:34]} 38. Raxe7
{[%clk 0:02:51]} Rxe7 {[%clk 0:00:45]} 39. Rxc8 {[%clk 0:03:18]} e4
{[%clk 0:00:59]} 40. Rf8+ {[%clk 0:33:31]} Ke5 {[%clk 0:30:31]} 1-0

[Event "World Chess Olympiad 2018"]
[Site "Batumi"]
[Date "2018.09.30"]
[Round "6"]
[Board "2"]
[WhiteFideId "12200085"]
[White "Nadir Samir"]
[BlackFideId "9400249"]
[Black "Al-Zendani Zendan"]
[Result "0-1"]
[LiveChessVersion "1.4.8"]
[BlackElo "2301"]
[WhiteElo "2170"]

1. d4 {[%clk 1:28:05]} Nf6 {[%clk 1:30:45]} 2. Bf4 {[%clk 1:28:10]} e6
{[%clk 1:28:14]} 3. e3 {[%clk 1:28:25]} b6 {[%clk 1:26:45]} 4. Nf3
{[%clk 1:27:38]} Bb7 {[%clk 1:25:07]} 5. Be2 {[%clk 1:25:58]} Be7
{[%clk 1:25:17]} 6. h3 {[%clk 1:26:17]} O-O {[%clk 1:25:31]} 7. a4
{[%clk 1:25:10]} a6 {[%clk 1:22:51]} 8. O-O {[%clk 1:25:16]} d6 {[%clk 1:19:48]}
9. c4 {[%clk 1:16:51]} a5 {[%clk 1:14:30]} 10. Nc3 {[%clk 1:11:54]} Na6
{[%clk 1:11:49]} 11. Rc1 {[%clk 1:06:38]} Re8 {[%clk 1:08:24]} 12. Re1
{[%clk 0:57:25]} Bf8 {[%clk 1:03:36]} 13. Bf1 {[%clk 0:56:45]} Ne4
{[%clk 0:55:46]} 14. Bd3 {[%clk 0:48:05]} f5 {[%clk 0:43:44]} 15. Bxe4
{[%clk 0:39:14]} fxe4 {[%clk 0:44:07]} 16. Ng5 {[%clk 0:33:51]} e5
{[%clk 0:23:59]} 17. dxe5 {[%clk 0:33:46]} Nc5 {[%clk 0:22:58]} 18. Qh5
{[%clk 0:22:22]} h6 {[%clk 0:23:18]} 19. e6 {[%clk 0:22:02]} Qf6 {[%clk 0:06:58]}
20. Qf7+ {[%clk 0:14:45]} Kh8 {[%clk 0:07:20]} 21. Qh5 {[%clk 0:13:44]} g6
{[%clk 0:06:03]} 22. Qg4 {[%clk 0:02:09]} hxg5 {[%clk 0:05:35]} 23. Bxg5
{[%clk 0:02:29]} Qxe6 {[%clk 0:04:52]} 24. Qh4+ {[%clk 0:02:38]} Kg8
{[%clk 0:05:11]} 25. Ne2 {[%clk 0:02:44]} Nd3 {[%clk 0:05:07]} 26. Red1
{[%clk 0:00:47]} Nxc1 {[%clk 0:04:01]} 27. Rxc1 {[%clk 0:00:40]} Bg7
{[%clk 0:04:13]} 28. Nf4 {[%clk 0:00:57]} Qf7 {[%clk 0:04:25]} 29. Rd1
{[%clk 0:01:02]} Re5 {[%clk 0:04:02]} 30. b3 {[%clk 0:01:13]} Qf5
{[%clk 0:04:09]} 0-1

[Event "World Chess Olympiad 2018"]
[Site "Batumi"]
[Date "2018.09.30"]
[Round "6"]
[Board "3"]
[WhiteFideId "9400176"]
[White "Al Badani Abdu"]
[BlackFideId "12202576"]
[Black "Abdelazeez Mohamed Abdalla"]
[Result "0-1"]
[LiveChessVersion "1.4.8"]
[BlackElo "2183"]
[WhiteElo "2195"]

1. e4 {[%clk 1:30:58]} c5 {[%clk 1:25:44]} 2. d4 {[%clk 1:31:14]} cxd4
{[%clk 1:26:07]} 3. c3 {[%clk 1:31:33]} dxc3 {[%clk 1:26:31]} 4. Nxc3
{[%clk 1:32:02]} Nc6 {[%clk 1:26:51]} 5. Nf3 {[%clk 1:32:23]} e6 {[%clk 1:27:07]}
6. Bc4 {[%clk 1:32:46]} a6 {[%clk 1:27:31]} 7. O-O {[%clk 1:33:04]} Nge7
{[%clk 1:27:55]} 8. Bf4 {[%clk 1:32:37]} Ng6 {[%clk 1:28:14]} 9. Bg3
{[%clk 1:32:54]} Be7 {[%clk 1:24:10]} 10. Qe2 {[%clk 1:32:46]} O-O
{[%clk 1:18:02]} 11. a3 {[%clk 1:30:24]} b5 {[%clk 1:17:43]} 12. Bb3
{[%clk 1:27:28]} d6 {[%clk 1:17:32]} 13. Rfd1 {[%clk 1:27:52]} Ra7
{[%clk 1:17:28]} 14. Rac1 {[%clk 1:28:14]} Na5 {[%clk 1:17:35]} 15. Ba2
{[%clk 1:28:33]} Rd7 {[%clk 1:17:26]} 16. b4 {[%clk 1:28:25]} Nc6
{[%clk 1:01:45]} 17. Nxb5 {[%clk 1:27:46]} axb5 {[%clk 1:01:39]} 18. Rxc6
{[%clk 1:28:00]} Bb7 {[%clk 1:02:02]} 19. Rcc1 {[%clk 1:24:36]} Qa8
{[%clk 0:54:55]} 20. Qxb5 {[%clk 1:18:17]} Rfd8 {[%clk 0:55:14]} 21. Nd4
{[%clk 1:17:00]} Qxa3 {[%clk 0:36:12]} 22. Nxe6 {[%clk 1:04:37]} Ba6
{[%clk 0:34:09]} 23. Qc6 Bb7 {[%clk 0:34:21]} 24. Qb5 {[%clk 0:57:37]} Ba6
{[%clk 0:34:24]} 25. Qb6 {[%clk 0:55:41]} Qxa2 {[%clk 0:23:08]} 26. Nxd8
{[%clk 0:55:27]} Bxd8 {[%clk 0:23:26]} 27. Qc6 {[%clk 0:54:47]} Nf8
{[%clk 0:23:50]} 28. Ra1 {[%clk 0:52:49]} Bb7 {[%clk 0:20:18]} 29. Qb5
{[%clk 0:36:33]} Qe6 {[%clk 0:20:00]} 30. f3 {[%clk 0:36:55]} Bf6
{[%clk 0:19:51]} 31. Ra7 {[%clk 0:32:34]} Qb3 {[%clk 0:19:42]} 32. Qa4
{[%clk 0:28:03]} Qe6 {[%clk 0:16:35]} 33. Qb5 {[%clk 0:23:39]} Qb3
{[%clk 0:13:31]} 34. Qa4 {[%clk 0:23:51]} Qc3 {[%clk 0:13:47]} 35. b5
{[%clk 0:19:17]} h5 {[%clk 0:13:53]} 36. Be1 {[%clk 0:18:18]} Qc7
{[%clk 0:12:41]} 37. Bf2 {[%clk 0:15:57]} Ne6 {[%clk 0:12:18]} 38. b6
{[%clk 0:15:37]} Qc8 {[%clk 0:11:36]} 39. Qb5 {[%clk 0:15:19]} h4
{[%clk 0:11:28]} 40. Be3 {[%clk 0:43:35]} h3 {[%clk 0:40:26]} 41. gxh3
{[%clk 0:41:20]} Be5 {[%clk 0:29:25]} 42. Rc1 {[%clk 0:33:35]} Qd8
{[%clk 0:29:29]} 43. Rc4 {[%clk 0:33:24]} d5 {[%clk 0:29:01]} 44. exd5
{[%clk 0:11:07]} Rxd5 {[%clk 0:29:08]} 45. Qa4 {[%clk 0:11:20]} Rd1+
{[%clk 0:28:43]} 46. Kf2 {[%clk 0:11:21]} Rd7 {[%clk 0:12:41]} 47. Re4
{[%clk 0:04:23]} Bb8 {[%clk 0:09:14]} 48. Ra5 {[%clk 0:04:41]} Re7
{[%clk 0:07:50]} 49. Rh4 {[%clk 0:03:45]} Qd6 {[%clk 0:06:06]} 50. Rah5
{[%clk 0:03:24]} Qxh2+ {[%clk 0:06:07]} 51. Kf1 {[%clk 0:03:38]} Qh1+
{[%clk 0:06:04]} 52. Bg1 {[%clk 0:02:37]} Qxf3+ {[%clk 0:06:24]} 53. Bf2
{[%clk 0:02:58]} Qg2+ {[%clk 0:06:45]} 54. Ke1 {[%clk 0:03:13]} Nf4+
{[%clk 0:06:30]} 55. Kd1 {[%clk 0:03:34]} Qf1+ {[%clk 0:06:24]} 56. Kc2
{[%clk 0:03:49]} Qxf2+ {[%clk 0:06:42]} 0-1

[Event "World Chess Olympiad 2018"]
[Site "Batumi"]
[Date "2018.09.30"]
[Round "6"]
[Board "4"]
[WhiteFideId "12202606"]
[White "Mohamed Faisal"]
[BlackFideId "9400338"]
[Black "Al-Aqrabi Saleh"]
[Result "1/2-1/2"]
[LiveChessVersion "1.4.8"]
[BlackElo "2158"]
[WhiteElo "2127"]

1. Nf3 {[%clk 1:27:32]} d5 {[%clk 1:30:51]} 2. e3 {[%clk 1:27:47]} c6
{[%clk 1:31:10]} 3. c4 {[%clk 1:28:03]} a6 {[%clk 1:31:18]} 4. Nc3
{[%clk 1:27:59]} Nf6 {[%clk 1:31:46]} 5. Qc2 {[%clk 1:27:03]} e6 {[%clk 1:30:57]}
6. b3 {[%clk 1:25:47]} Nbd7 {[%clk 1:30:38]} 7. Bb2 {[%clk 1:24:35]} Be7
{[%clk 1:31:06]} 8. d4 {[%clk 1:23:47]} O-O {[%clk 1:31:04]} 9. Bd3
{[%clk 1:23:43]} b6 {[%clk 1:28:22]} 10. O-O {[%clk 1:22:05]} Bb7
{[%clk 1:28:41]} 11. Rad1 {[%clk 1:18:33]} Rc8 {[%clk 1:24:55]} 12. e4
{[%clk 1:13:09]} dxe4 {[%clk 1:24:49]} 13. Nxe4 {[%clk 1:13:18]} Nxe4
{[%clk 1:24:22]} 14. Bxe4 {[%clk 1:13:42]} Nf6 {[%clk 1:24:32]} 15. Bd3
{[%clk 1:13:49]} Qc7 {[%clk 1:24:40]} 16. c5 {[%clk 1:05:29]} b5 {[%clk 1:24:01]}
17. Ne5 {[%clk 0:49:58]} g6 {[%clk 1:23:21]} 18. Qe2 {[%clk 0:46:15]} Nd5
{[%clk 1:22:37]} 19. g3 {[%clk 0:39:59]} Bf6 {[%clk 1:22:30]} 20. Qf3
{[%clk 0:35:21]} Bg7 {[%clk 1:21:02]} 21. Rfe1 {[%clk 0:34:42]} Rcd8
{[%clk 1:14:32]} 22. Bf1 {[%clk 0:32:07]} Qe7 {[%clk 1:10:45]} 23. Bg2
{[%clk 0:24:36]} Rfe8 {[%clk 1:05:57]} 24. h4 {[%clk 0:23:36]} Qf6
{[%clk 0:57:15]} 25. Qe2 {[%clk 0:21:47]} Qe7 {[%clk 0:54:18]} 26. Bh3
{[%clk 0:17:19]} Kh8 {[%clk 0:47:44]} 27. h5 {[%clk 0:14:40]} Rf8
{[%clk 0:42:45]} 28. hxg6 {[%clk 0:12:28]} hxg6 {[%clk 0:43:11]} 29. Qf3
{[%clk 0:10:46]} Bxe5 {[%clk 0:34:37]} 30. Rxe5 {[%clk 0:08:36]} Kg7
{[%clk 0:33:13]} 31. Bc1 {[%clk 0:08:01]} Bc8 {[%clk 0:29:50]} 32. Rde1
{[%clk 0:06:57]} Qc7 {[%clk 0:26:52]} 33. Bg2 {[%clk 0:06:22]} f6
{[%clk 0:26:10]} 34. R5e4 {[%clk 0:04:49]} Rh8 {[%clk 0:24:34]} 35. Rg4
{[%clk 0:03:43]} Qf7 {[%clk 0:23:32]} 36. Rge4 {[%clk 0:02:15]} g5
{[%clk 0:21:50]} 37. R4e2 {[%clk 0:02:04]} Qg6 {[%clk 0:20:10]} 38. Rd2
{[%clk 0:01:24]} b4 {[%clk 0:19:13]} 39. Qd3 {[%clk 0:01:12]} Qxd3
{[%clk 0:16:48]} 40. Rxd3 {[%clk 0:31:40]} a5 {[%clk 0:46:26]} 41. Bb2
{[%clk 0:24:32]} Kf7 {[%clk 0:43:02]} 42. Ra1 {[%clk 0:20:15]} Bd7
{[%clk 0:41:02]} 43. a3 {[%clk 0:18:45]} Ra8 {[%clk 0:41:12]} 44. axb4
{[%clk 0:16:01]} axb4 {[%clk 0:41:32]} 45. Rdd1 {[%clk 0:16:17]} Nc7
{[%clk 0:37:06]} 46. Rxa8 {[%clk 0:15:28]} Rxa8 {[%clk 0:37:07]} 47. Ra1
{[%clk 0:15:56]} Rxa1+ {[%clk 0:35:53]} 48. Bxa1 {[%clk 0:16:25]} Nd5
{[%clk 0:33:17]} 49. Kf1 {[%clk 0:16:27]} Bc8 {[%clk 0:32:28]} 50. Ke1
{[%clk 0:16:12]} Ke7 {[%clk 0:31:44]} 51. Bb2 {[%clk 0:15:07]} Kd7
{[%clk 0:31:40]} 52. Bf1 {[%clk 0:11:14]} Bb7 {[%clk 0:31:36]} 53. Bc4
{[%clk 0:10:18]} Ke7 {[%clk 0:30:55]} 54. Ke2 {[%clk 0:10:18]} Kf7
{[%clk 0:30:58]} 55. Bc1 {[%clk 0:09:32]} Bc8 {[%clk 0:30:56]} 56. Bd2
{[%clk 0:09:40]} Bb7 {[%clk 0:30:19]} 57. Kd3 {[%clk 0:08:55]} Bc8
{[%clk 0:29:27]} 58. Ke4 {[%clk 0:07:58]} Ke7 {[%clk 0:29:31]} 59. f4
{[%clk 0:07:05]} g4 {[%clk 0:27:07]} 60. Kd3 {[%clk 0:03:44]} f5 {[%clk 0:27:29]}
61. Bxd5 {[%clk 0:02:57]} exd5 {[%clk 0:27:55]} 62. Bxb4 {[%clk 0:03:07]} Ba6+
{[%clk 0:27:20]} 63. Kc3 {[%clk 0:03:35]} Kd7 {[%clk 0:27:44]} 64. Ba5
{[%clk 0:03:28]} Kc8 {[%clk 0:28:12]} 65. Kb4 {[%clk 0:03:17]} Kb7
{[%clk 0:28:40]} 66. Bd8 {[%clk 0:03:27]} 1/2-1/2

[Event "World Chess Olympiad 2018"]
[Site "Batumi"]
[Date "2018.09.30"]
[Round "6"]
[Board "1"]
[WhiteFideId "1126768"]
[White "Belzo Krzysztof"]
[BlackFideId "5201268"]
[Black "Sadorra Julio Catalino"]
[Result "0-1"]
[LiveChessVersion "1.4.8"]
[BlackElo "2553"]
[WhiteElo "2057"]

1. d4 {[%clk 1:30:56]} e6 {[%clk 1:30:08]} 2. Bf4 {[%clk 1:31:13]} d5
{[%clk 1:29:39]} 3. e3 {[%clk 1:31:29]} Nf6 {[%clk 1:30:02]} 4. Nf3
{[%clk 1:31:20]} c5 {[%clk 1:30:19]} 5. c3 {[%clk 1:31:16]} Nc6 {[%clk 1:28:17]}
6. Nbd2 {[%clk 1:30:44]} Be7 {[%clk 1:27:55]} 7. Bd3 {[%clk 1:29:42]} Nh5
{[%clk 1:24:56]} 8. Bg3 {[%clk 1:29:45]} O-O {[%clk 1:17:47]} 9. Ne5
{[%clk 1:18:46]} g6 {[%clk 1:17:56]} 10. Nxc6 {[%clk 1:02:20]} bxc6
{[%clk 1:18:20]} 11. O-O {[%clk 1:01:42]} Nxg3 {[%clk 1:15:49]} 12. hxg3
{[%clk 1:02:08]} f6 {[%clk 1:00:59]} 13. Qa4 {[%clk 0:42:52]} Bd7
{[%clk 0:58:03]} 14. dxc5 {[%clk 0:39:07]} Bxc5 {[%clk 0:57:47]} 15. c4
{[%clk 0:39:03]} Qe7 {[%clk 0:50:17]} 16. Nb3 {[%clk 0:31:01]} Bb6
{[%clk 0:43:45]} 17. cxd5 {[%clk 0:24:42]} exd5 {[%clk 0:44:10]} 18. Rfe1
{[%clk 0:24:16]} Kg7 {[%clk 0:39:35]} 19. e4 {[%clk 0:15:50]} Qe5
{[%clk 0:32:42]} 20. Qb4 {[%clk 0:09:58]} Rab8 {[%clk 0:29:57]} 21. Qd2
{[%clk 0:08:21]} Qxg3 {[%clk 0:29:09]} 22. exd5 {[%clk 0:07:35]} cxd5
{[%clk 0:29:12]} 23. Re7+ {[%clk 0:05:37]} Rf7 {[%clk 0:29:30]} 24. Rxf7+
{[%clk 0:06:03]} Kxf7 {[%clk 0:29:56]} 25. Bf1 {[%clk 0:05:58]} Qg5
{[%clk 0:29:00]} 26. Qd3 {[%clk 0:04:00]} Qe5 {[%clk 0:18:08]} 27. g3
{[%clk 0:02:49]} Bf5 {[%clk 0:17:47]} 28. Qc3 {[%clk 0:02:47]} Qxc3
{[%clk 0:15:01]} 29. bxc3 {[%clk 0:03:16]} a5 {[%clk 0:14:34]} 30. Rd1
{[%clk 0:03:14]} a4 {[%clk 0:14:45]} 31. Nd4 {[%clk 0:02:51]} Bxd4
{[%clk 0:15:10]} 32. Rxd4 {[%clk 0:02:33]} Rb1 {[%clk 0:14:49]} 33. Kg2
{[%clk 0:02:55]} Be4+ {[%clk 0:14:23]} 34. f3 {[%clk 0:03:14]} Rb2+
{[%clk 0:09:59]} 35. Kg1 {[%clk 0:03:39]} Bxf3 {[%clk 0:09:46]} 36. Rxa4
{[%clk 0:03:58]} Ke6 {[%clk 0:09:55]} 37. Ra7 {[%clk 0:03:32]} Rc2
{[%clk 0:07:22]} 38. a4 {[%clk 0:03:57]} Rxc3 {[%clk 0:07:42]} 39. a5
{[%clk 0:04:00]} Be4 {[%clk 0:06:15]} 40. Kh2 {[%clk 0:32:45]} d4
{[%clk 0:34:28]} 41. Rxh7 {[%clk 0:32:05]} d3 {[%clk 0:34:43]} 42. a6
{[%clk 0:32:21]} d2 {[%clk 0:34:54]} 43. Be2 {[%clk 0:32:23]} Rc1
{[%clk 0:34:39]} 0-1

[Event "World Chess Olympiad 2018"]
[Site "Batumi"]
[Date "2018.09.30"]
[Round "6"]
[Board "2"]
[WhiteFideId "5201381"]
[White "Gomez John Paul"]
[BlackFideId "15600017"]
[Black "Wojciechowski Paul"]
[Result "1-0"]
[LiveChessVersion "1.4.8"]
[BlackElo "1904"]
[WhiteElo "2464"]

1. Nf3 {[%clk 1:30:54]} Nf6 {[%clk 1:30:27]} 2. c4 {[%clk 1:31:14]} g6
{[%clk 1:29:33]} 3. Nc3 {[%clk 1:31:36]} Bg7 {[%clk 1:29:50]} 4. e4
{[%clk 1:31:56]} d6 {[%clk 1:28:50]} 5. d4 {[%clk 1:32:18]} O-O {[%clk 1:27:54]}
6. h3 {[%clk 1:32:41]} e5 {[%clk 1:25:40]} 7. d5 {[%clk 1:33:05]} c6
{[%clk 1:12:54]} 8. Bg5 {[%clk 1:32:03]} Qb6 {[%clk 0:57:07]} 9. Qc2
{[%clk 1:31:41]} c5 {[%clk 0:51:06]} 10. g4 {[%clk 1:31:43]} Bd7 {[%clk 0:47:48]}
11. Be2 {[%clk 1:29:07]} Na6 {[%clk 0:45:36]} 12. Nd2 {[%clk 1:27:06]} Nc7
{[%clk 0:42:00]} 13. a3 {[%clk 1:26:35]} a6 {[%clk 0:39:57]} 14. b4
{[%clk 1:25:47]} Nce8 {[%clk 0:34:41]} 15. Be3 {[%clk 1:24:25]} h6
{[%clk 0:28:21]} 16. Nb3 {[%clk 1:19:15]} Rc8 {[%clk 0:27:19]} 17. Rb1
{[%clk 1:17:44]} Qa7 {[%clk 0:23:53]} 18. a4 {[%clk 1:16:42]} b6 {[%clk 0:21:29]}
19. a5 {[%clk 1:15:30]} bxa5 {[%clk 0:15:15]} 20. bxc5 {[%clk 1:15:26]} dxc5
{[%clk 0:15:33]} 21. Qa2 {[%clk 1:15:20]} Nd6 {[%clk 0:12:54]} 22. f3
{[%clk 1:10:29]} a4 {[%clk 0:09:09]} 23. Nxa4 {[%clk 1:09:45]} Bxa4
{[%clk 0:09:35]} 24. Qxa4 {[%clk 1:10:06]} Nd7 {[%clk 0:07:52]} 25. Na5
{[%clk 1:10:03]} Nb8 {[%clk 0:03:54]} 26. h4 {[%clk 1:03:15]} f5 {[%clk 0:03:46]}
27. Rg1 {[%clk 0:58:53]} fxe4 {[%clk 0:03:49]} 28. fxe4 {[%clk 0:59:10]} Qe7
{[%clk 0:03:13]} 29. g5 {[%clk 0:59:25]} Nxe4 {[%clk 0:02:03]} 30. Rb7
{[%clk 0:54:35]} Qd8 {[%clk 0:02:15]} 31. Bg4 {[%clk 0:53:40]} h5
{[%clk 0:01:26]} 32. Bxc8 {[%clk 0:50:22]} Qxc8 {[%clk 0:01:54]} 33. Qc2
{[%clk 0:48:33]} Qf5 {[%clk 0:02:11]} 34. Nc6 {[%clk 0:46:29]} Nxc6
{[%clk 0:02:18]} 35. dxc6 {[%clk 0:46:51]} Qf3 {[%clk 0:01:39]} 36. Rb3
{[%clk 0:44:39]} Qf5 {[%clk 0:00:55]} 37. c7 {[%clk 0:44:43]} Rc8
{[%clk 0:00:52]} 38. Rb8 {[%clk 0:44:49]} 1-0